01398nam a2200409 a 4500003000900000005001700009008004100026020001800067040001300085100002100098245009300119250001200212260002500224300002100249490002500270500005200295500003200347500003000379650002500409650001800434650003300452650001900485650002600504650001000530650000900540650001800549650001400567650001200581650001200593800004700605942000700652998001100659999001500670952010100685952010100786952010100887AR-BaBNM20251128204916.0082120s2002 ||||||||||||||000 | spa|| a84-277-0900-5 cAR-BaBNM1 aCastro, Angel de00aLa tercera edad tiempo de ocio y culturabproyecto y experiencia de animación cultural a1ª ed. aMadridbNarceac1990 a143 p.bgráfs. 0aNarcea sociocultural aContiene referencias bibliográficas en p. 135 aIndice de nombres en p. 137 aIndice de temas en p. 139 4aEDUCACION DE ADULTOS 4aPARTICIPACION 4aTALLERES [METODO PEDAGOGICO] 4aGRUPOS DE EDAD 4aDISTRIBUCION POR EDAD 4aVEJEZ 4aOCIO 4aESPARCIMIENTO 4aGERIATRIA 4aLECTURA 4aCULTURA1 aQuintana Cabanas, José Maríaedirector cBK cMARTIN c9292d9292 00102ddc4070aLPLbLPLd2025-11-28l0o379.8 CASp100090r2025-11-28 20:49:16w2025-11-28yBK 00102ddc4070aLPLbLPLd2025-11-28l0o379.8 CASp100091r2025-11-28 20:49:16w2025-11-28yBK 00102ddc4070aLPLbLPLd2025-11-28l0o379.8 CASp100092r2025-11-28 20:49:16w2025-11-28yBK